Diez acontecimientos que modelaron el FMI /

Guardat en:
Dades bibliogràfiques
Autor principal: Boughton, James
Format: Text
Matèries:
Etiquetes: Afegir etiqueta
Sense etiquetes, Sigues el primer a etiquetar aquest registre!

MARC

LEADER 00000 a a2200000 04500
001 8121
003
040
100 |a Boughton, James  
245 |a Diez acontecimientos que modelaron el FMI /  |c James Boughton 
650 |a ECONOMIA  
650 |a HISTORIA  
773 |g volumen 34; páginas 6-10  
999 |c 33900  |d 33900